[Event "SLO-chT Central 1st League 20th"]
[Site "Slovenia"]
[Date "2019.09.19"]
[Round "2.3"]
[White "Markic, Vladimir"]
[Black "Kadiric, Ibrahim"]
[Result "0-1"]
[WhiteElo "1677"]
[BlackElo "1455"]
[PlyCount "44"]
[EventDate "2019.09.12"]
[EventType "team-tourn"]
[EventRounds "9"]
[EventCountry "SLO"]
[SourceTitle "EXT 2024"]
[Source "ChessBase"]
[SourceDate "2023.10.10"]
[SourceVersion "1"]
[SourceVersionDate "2023.10.10"]
[SourceQuality "1"]
[WhiteTeam "Trzin Pekos Pub"]
[BlackTeam "Medvode"]
[WhiteTeamCountry "SLO"]
[BlackTeamCountry "SLO"]

1. e4 c5 2. Nf3 Nc6 3. Nc3 e6 4. d4 cxd4 5. Nxd4 Bb4 6. Nxc6 bxc6 7. Bd2 Qf6 8. Bd3 Ne7 9. 0-0 d5 10. exd5 cxd5 11. Bb5+ Bd7 12. Bxd7+ Kxd7 13. Ne4 Qd4 14. Nc3 Rhc8 15. Qe2 Bd6 16. Nb5 Qxb2 17. Nxd6 Kxd6 18. Rfc1 Rc4 19. a3 Rac8 20. Bb4+ Kd7 21. Qh5 Rxc2 22. Rf1 Qxa1 0-1

[Event "GER CM04-D email"]
[Site "GER email"]
[Date "2017.06.26"]
[Round "?"]
[White "Legemaat, Gert"]
[Black "Markic, Vladimir"]
[Result "1/2-1/2"]
[WhiteElo "2332"]
[BlackElo "2328"]
[PlyCount "44"]
[EventDate "2017.??.??"]
[EventType "tourn (corr)"]
[EventRounds "10"]
[EventCountry "GER"]
[SourceTitle "Corr 2017"]
[Source "ChessBase"]
[SourceDate "2017.09.19"]
[SourceVersion "1"]
[SourceVersionDate "2017.09.19"]
[SourceQuality "1"]

1. d4 d5 2. c4 c6 3. Nf3 Nf6 4. Nc3 e6 5. Bg5 h6 6. Bh4 dxc4 7. e4 g5 8. Bg3 b5 9. h4 g4 10. Ne5 Bb7 11. Nxg4 Nxg4 12. Qxg4 Qxd4 13. Rd1 Qf6 14. a4 h5 15. Qg5 Qxg5 16. hxg5 Bb4 17. Be2 h4 18. Rxh4 Rxh4 19. Bxh4 Nd7 20. Kd2 a5 21. Kc2 Be7 22. Rh1 Rd8 1/2-1/2

[Event "GER CM04-D email"]
[Site "GER email"]
[Date "2017.06.26"]
[Round "?"]
[White "Markic, Vladimir"]
[Black "Eschert, Uwe"]
[Result "1/2-1/2"]
[WhiteElo "2328"]
[BlackElo "2325"]
[PlyCount "46"]
[EventDate "2017.??.??"]
[EventType "tourn (corr)"]
[EventRounds "10"]
[EventCountry "GER"]
[SourceTitle "Corr 2020"]
[Source "ChessBase"]
[SourceDate "2019.09.30"]
[SourceVersion "1"]
[SourceVersionDate "2019.09.30"]
[SourceQuality "1"]

1. d4 f5 2. g3 Nf6 3. Bg2 g6 4. c3 Bg7 5. Nd2 Nc6 6. b4 d6 7. Ngf3 a6 8. 0-0 e5 9. dxe5 Nxe5 10. Qb3 Nf7 11. Bb2 0-0 12. c4 Bd7 13. e3 Qe7 14. Rab1 b6 15. c5 dxc5 16. bxc5 Be6 17. Qa3 Qxc5 18. Nd4 Bd5 19. Qxc5 bxc5 20. N4b3 Rfd8 21. Rfc1 Bxg2 22. Kxg2 Nd7 23. Bxg7 Kxg7 1/2-1/2

[Event "GER CM04-D email"]
[Site "GER email"]
[Date "2017.06.26"]
[Round "?"]
[White "Markic, Vladimir"]
[Black "Mauro, Lucio"]
[Result "1/2-1/2"]
[WhiteElo "2328"]
[BlackElo "2359"]
[PlyCount "27"]
[EventDate "2017.??.??"]
[EventType "tourn (corr)"]
[EventRounds "10"]
[EventCountry "GER"]
[SourceTitle "Corr 2020"]
[Source "ChessBase"]
[SourceDate "2019.09.30"]
[SourceVersion "1"]
[SourceVersionDate "2019.09.30"]
[SourceQuality "1"]

1. c4 e6 2. Nc3 d5 3. d4 Nf6 4. cxd5 exd5 5. Bg5 c6 6. e3 Be7 7. Bd3 Nbd7 8. Qc2 Nh5 9. Bxe7 Qxe7 10. Nge2 g6 11. Rb1 Nb6 12. 0-0 0-0 13. b4 a6 14. a4 1/2-1/2

[Event "GER CM04-D email"]
[Site "GER email"]
[Date "2017.06.26"]
[Round "?"]
[White "Muniz Pardino, Alberto"]
[Black "Markic, Vladimir"]
[Result "1/2-1/2"]
[WhiteElo "2336"]
[BlackElo "2328"]
[PlyCount "67"]
[EventDate "2017.??.??"]
[EventType "tourn (corr)"]
[EventRounds "10"]
[EventCountry "GER"]
[SourceTitle "Corr 2020"]
[Source "ChessBase"]
[SourceDate "2019.09.30"]
[SourceVersion "1"]
[SourceVersionDate "2019.09.30"]
[SourceQuality "1"]

1. e4 e5 2. Nf3 Nc6 3. Bb5 a6 4. Ba4 Nf6 5. 0-0 Be7 6. Re1 b5 7. Bb3 0-0 8. c3 d5 9. exd5 Nxd5 10. Nxe5 Nxe5 11. Rxe5 c6 12. d4 Bd6 13. Re1 Qh4 14. g3 Qh3 15. Qe2 Bg4 16. Qf1 Rae8 17. Rxe8 Qxf1+ 18. Kxf1 Rxe8 19. Bd2 Bf5 20. a4 Bd3+ 21. Kg2 h5 22. axb5 axb5 23. Bd1 h4 24. Bf3 Re6 25. Bg5 f6 26. Bd2 g5 27. Na3 Kg7 28. Rc1 hxg3 29. fxg3 Bxa3 30. bxa3 Be2 31. Re1 Bxf3+ 32. Kxf3 Rxe1 33. Bxe1 Nb6 34. Bd2 1/2-1/2

[Event "Ljubljana-chT 69th 1st League"]
[Site "Ljubljana"]
[Date "2016.02.11"]
[Round "4.3"]
[White "Bajo, Igor"]
[Black "Markic, Vladimir"]
[Result "0-1"]
[WhiteElo "1816"]
[BlackElo "1714"]
[PlyCount "118"]
[EventDate "2016.01.14"]
[EventType "team-tourn"]
[EventRounds "9"]
[EventCountry "SLO"]
[SourceTitle "EXT 2022"]
[Source "ChessBase"]
[SourceDate "2021.10.06"]
[SourceVersion "1"]
[SourceVersionDate "2021.10.06"]
[SourceQuality "1"]
[WhiteTeam "Kocevje"]
[BlackTeam "Trzin Buscotrade"]
[WhiteTeamCountry "SLO"]
[BlackTeamCountry "SLO"]

1. e4 d6 2. d4 Nf6 3. f3 e6 4. Be3 Be7 5. Bd3 0-0 6. Nc3 c5 7. Nh3 cxd4 8. Bxd4 Nc6 9. Be3 d5 10. Ne2 dxe4 11. Bxe4 Nxe4 12. fxe4 Qa5+ 13. Qd2 Qe5 14. Ng3 Qxb2 15. 0-0 Qe5 16. Kh1 b6 17. Nf2 Ba6 18. Nd3 Bxd3 19. Qxd3 Rfd8 20. Qe2 Bg5 21. Bxg5 Qxg5 22. Qc4 Rac8 23. Qa4 Qa5 24. Qxa5 Nxa5 25. Rf2 Rc4 26. Kg1 Kf8 27. Kf1 Rdc8 28. Rc1 Nc6 29. c3 Nb4 30. Rb1 Nd3 31. Rd2 Rxc3 32. Ne2 Ra3 33. Rbd1 Ne5 34. Nc1 Nc4 35. Rd8+ Rxd8 36. Rxd8+ Ke7 37. Rd4 Ne5 38. Ke2 Rc3 39. Kd2 Rc4 40. Rxc4 Nxc4+ 41. Kc3 Nd6 42. e5 Ne4+ 43. Kc4 Kd7 44. Ne2 f6 45. Kb5 Nc5 46. Nd4 Kc7 47. exf6 gxf6 48. Kc4 a6 49. a4 Kd6 50. Kb4 e5 51. Nf5+ Kd5 52. g4 Nd3+ 53. Kc3 Nf2 54. Nh6 Ke4 55. Ng8 Nxg4 56. h3 f5 57. hxg4 fxg4 58. Nf6+ Kf3 59. Nxh7 g3 0-1